| 000 | 00438nam a22001817a 4500 | ||
|---|---|---|---|
| 003 | NUST - PNEC | ||
| 005 | 20170116181136.0 | ||
| 008 | 151007b xxu||||| |||| 00| 0 eng d | ||
| 020 | _a0071406352 | ||
| 040 | _cLIBRARY | ||
| 082 | _a778.593 GOO | ||
| 100 |
_914339 _aGoodman, Robert M. |
||
| 245 |
_aEditing digital video _cRobert M.Goodman |
||
| 250 | _a- | ||
| 260 | _c2003 | ||
| 650 |
_914338 _aDigital Video |
||
| 942 |
_2ddc _cBK |
||
| 999 |
_c70263 _d70263 |
||